Business intelligence roadmap : The complete project lifecycle for decision-support applications
Business Intelligence Roadmap is a visual guide to developing an effective business intelligence (BI) decision-support application. This book outlines a methodology that takes into account the complexity of developing applications in an integrated BI environment. The authors walk readers through eve...
Kaydedildi:
| Yazar: | |
|---|---|
| Materyal Türü: | Kitap |
| Dil: | Undetermined |
| Baskı/Yayın Bilgisi: |
Boston, MA.
Addison-Wesley
c2003
|
| Konular: | |
| Etiketler: |
Etiketle
Etiket eklenmemiş, İlk siz ekleyin!
|
| Thư viện lưu trữ: | Trung tâm Học liệu Trường Đại học Cần Thơ |
|---|
| LEADER | 01230nam a2200217Ia 4500 | ||
|---|---|---|---|
| 001 | CTU_153224 | ||
| 008 | 210402s9999 xx 000 0 und d | ||
| 020 | |c 32.78 | ||
| 082 | |a 658.403 | ||
| 082 | |b M913 | ||
| 100 | |a Moss, Larissa T. | ||
| 245 | 0 | |a Business intelligence roadmap : | |
| 245 | 4 | |b The complete project lifecycle for decision-support applications | |
| 245 | 0 | |c Larissa T. Moss, Shaku Atre | |
| 260 | |a Boston, MA. | ||
| 260 | |b Addison-Wesley | ||
| 260 | |c c2003 | ||
| 520 | |a Business Intelligence Roadmap is a visual guide to developing an effective business intelligence (BI) decision-support application. This book outlines a methodology that takes into account the complexity of developing applications in an integrated BI environment. The authors walk readers through every step of the process--from strategic planning to the selection of new technologies and the evaluation of application releases. The book also serves as a single-source guide to the best practices of BI projects. | ||
| 650 | |a Business intelligence,Decision support systems,Tình báo kinh doanh,Hệ thống hỗ trợ ra quyết định | ||
| 904 | |i QHieu | ||
| 980 | |a Trung tâm Học liệu Trường Đại học Cần Thơ | ||